Los Servicios provinciales de extinción de incendios
Publicado:
San Jorge, núm. 70 - 71 (2n - 3r trimestre 1968), pàg 155 - 156 :
MARC
| LEADER | 00000nam a2200000Ia 4500 | ||
|---|---|---|---|
| 008 | 160829s9999 xx 000 0 cat d | ||
| 245 | |a Los Servicios provinciales de extinción de incendios | ||
| 260 | |a San Jorge, núm. 70 - 71 (2n - 3r trimestre 1968), pàg 155 - 156 | ||
| 610 | 1 | 0 | |9 54956 |a Barcelona (Catalunya : Província). |b Servicio Provincial de Extinción de Incendios |
| 650 | 0 | |a Incendis forestals |x Prevenció i control |9 50256 | |
| 901 | |a Arxiu | ||
| 942 | |n 1 |2 udc | ||
| 952 | |0 0 |1 0 |4 0 |7 1 |9 49523 |a Arxiu |b Arxiu |d 2016-12-01 |l 0 |r 2016-12-01 00:00:00 |w 2016-12-01 |y ARXIU | ||
| 999 | |c 53365 |d 53365 | ||